000 00429nam a22001817a 4500
003 MPLRDC
005 20220104175538.0
008 210129b ||||| |||| 00| 0 eng d
020 _a0-582-73218-2
082 _a524.967 POR 1984
100 _aR.I. PORTER
245 _aMATEMATIK LANJUTAN
_c
250 _a第四版
260 _a
_bLONGMAN MALAYSIA S/B
_c1984
300 _b
650 _a
942 _cBK
_o524.967 POR 1984
999 _c60440
_d60430